00417nam a2200169Ia 4500003000900000008004100009040001600050080001300066100001800079245004300097250001200140260002600152300001600178650001900194650001700213650001700230IN-BaIIA211028s9999 xx 000 0 eng d cIIA Library a537bMEI aMeites, Louis 0aPolarographic techniquescLouis Meites a2nd ed. aNew YorkbWileyc1965 axvii, 752p. aNASA Thesaurus aPolarization aPolarography